00529nam a2200157Ia 4500100003200000942000700032654001600039245004500055260002100100082001900121300000800140546001200148999001700160952009700177952009700274 aMurugesh/ Kumar/ Jagannath  cBK aelectronics aBasic Electrical Electronics Engineering bVikas pub.c1999 a621.3bMUR/JAG a0 0 aENGLISH c33651d33651 001040708CRCaCRCEbCRCEd2023-03-17l0o621.3 MUR/JAGp11447r2023-03-17w2023-03-17yBK 001040708CRCaCRCEbCRCEd2023-03-17l0o621.3 MUR/JAGp11448r2023-03-17w2023-03-17yBK